Southville International School and Colleges
Your cart is empty.
  • Cart
  • Lists
    Public lists Eva Luna New books Lux_list list_1
    Your lists Log in to create your own lists
  • Log in to your account
  • Your cookies
  • Search history
Southville International School and Colleges
  • Advanced search
  • Recent comments
  • Most popular
  • Libraries

Log in to your account

Log in with GOOGLE


If you do not have an external account, but do have a local account, you can still log in:

  1. Home
  2. MARC view: The Lost art of towel origami /
Normal view MARC view ISBD view

The Lost art of towel origami / (Record no. 358047)

[ view plain ]
MARC details
000 -LEADER
fixed length control field 00608nam a2200241Ia 4500
008 - FIXED-LENGTH DATA ELEMENTS--GENERAL INFORMATION
fixed length control field 180620s9999 xx 000 0 und d
020 ## - INTERNATIONAL STANDARD BOOK NUMBER
International Standard Book Number 978-0-7407-5563-7
050 ## - LIBRARY OF CONGRESS CALL NUMBER
Classification number REF TT 872.5
050 ## - LIBRARY OF CONGRESS CALL NUMBER
Item number .J46 2005
100 ## - MAIN ENTRY--PERSONAL NAME
Personal name Jenkins, Alison.
245 #4 - TITLE STATEMENT
Title The Lost art of towel origami /
245 #0 - TITLE STATEMENT
Statement of responsibility, etc Alison Jenkins.
260 ## - PUBLICATION, DISTRIBUTION, ETC. (IMPRINT)
Place of publication, distribution, etc Kansas City :
260 ## - PUBLICATION, DISTRIBUTION, ETC. (IMPRINT)
Name of publisher, distributor, etc Andrews McMeel Publishing,
260 ## - PUBLICATION, DISTRIBUTION, ETC. (IMPRINT)
Date of publication, distribution, etc 2005
300 ## - PHYSICAL DESCRIPTION
Extent 80 pages :
300 ## - PHYSICAL DESCRIPTION
Other physical details colored illustrations ;
300 ## - PHYSICAL DESCRIPTION
Dimensions 21 cm.
500 ## - GENERAL NOTE
General note Includes index.
650 ## - SUBJECT ADDED ENTRY--TOPICAL TERM
Topical term or geographic name as entry element Origami.
650 ## - SUBJECT ADDED ENTRY--TOPICAL TERM
Topical term or geographic name as entry element Towels.
650 ## - SUBJECT ADDED ENTRY--TOPICAL TERM
General subdivision Tower folding.
Holdings
Withdrawn status Lost status Damaged status Home library Current library Shelving location Date acquired Total Checkouts Full call number Barcode Date last seen Price effective from Koha item type
      South Mansfield College South Mansfield College Reference Section 05/30/2008   REF TT 872.5 .J46 2005 SMC05131 06/20/2018 06/20/2018  

The Lost art of towel origami /

APA

Jenkins A., .The Lost art of towel origami. Kansas City: .

Chicago

Jenkins Alison, .The Lost art of towel origami. Kansas City: .

Harvard

Jenkins A., .The Lost art of towel origami. Kansas City: .

MLA

Jenkins Alison, .Kansas City: . .

  • Place hold
  • Print
  • Cite
  • Add to your cart (remove)
  • Save record
    BIBTEX Dublin Core MARCXML MARC (non-Unicode/MARC-8) MARC (Unicode/UTF-8) MARC (Unicode/UTF-8, Standard) MODS (XML) RIS
  • More searches
    Search for this title in:
    Other Libraries (WorldCat) Other Databases (Google Scholar) Online Stores (Bookfinder.com) Open Library (openlibrary.org)

Exporting to Dublin Core...

SOUTHVILLE LIBRARY

Southville International School and Colleges Library

1281 Tropical Ave. Cor. Luxembourg St., BF Homes International, Las Pinas City

Tel. No. 8256374 / 252358 Loc. 117/146

Powered by Koha